Get the Picture: Disney Villains II Quiz Stats

 Plays Quiz Updated Jun 5, 2019

Score 0/16 Timer 05:00
4 Plays Today
Question Answer Wrong Answers
Movie
The Lion King
Scar
97.3%
Ursula
0.1%
Jafar
0.2%
Dr. Facilier
0.1%
Movie
The Little Mermaid
Ursula
96.5%
Scar
0.3%
Jafar
0.4%
Dr. Facilier
0.5%
Ultimate Fate
Eaten by his hyena henchmen
Scar
95.9%
Ursula
0.4%
Jafar
0.6%
Dr. Facilier
0.7%
Evil Plot
Rule the seas
Ursula
95.6%
Scar
0.3%
Jafar
0.8%
Dr. Facilier
1%
Movie
Aladdin
Jafar
95.5%
Ursula
0.9%
Scar
0.5%
Dr. Facilier
0.4%
Movie
The Princess and the Frog
Dr. Facilier
94.5%
Ursula
1.5%
Scar
0.2%
Jafar
1.1%
Evil Plot
Marry Jasmine and become Sultan
Jafar
94.4%
Ursula
0.9%
Scar
0.5%
Dr. Facilier
1.3%
Ultimate Fate
Tricked into wishing to be a genie and trapped inside a magic lamp
Jafar
94.2%
Ursula
1.3%
Scar
0.4%
Dr. Facilier
1.4%
Evil Plot
Rule Pride Rock
Scar
93.9%
Ursula
1%
Jafar
0.7%
Dr. Facilier
2%
Ultimate Fate
Impaled by a shipwreck's bowsprit
Ursula
91.1%
Scar
0.5%
Jafar
1.8%
Dr. Facilier
4.2%
Ultimate Fate
Dragged into the afterlife by voodoo spirits
Dr. Facilier
90.2%
Ursula
2.6%
Scar
1%
Jafar
3.2%
Henchmen
His shadow & Lawrence
Dr. Facilier
90.1%
Ursula
1%
Scar
1.8%
Jafar
4.1%
Evil Plot
Deliver souls to his friends on the other side to gain more power and riches
Dr. Facilier
87.7%
Ursula
3.9%
Scar
0.8%
Jafar
4.7%
Henchmen
Flotsam & Jetsam
Ursula
85.7%
Scar
1.6%
Jafar
2.4%
Dr. Facilier
8%
Henchmen
Shenzi, Banzai & Ed
Scar
84%
Ursula
2%
Jafar
3.9%
Dr. Facilier
7.8%
Henchmen
Iago
Jafar
82.9%
Ursula
1.9%
Scar
4.7%
Dr. Facilier
7.9%

Today's Daily Dose

Missing Word
Sherlocks

Word Ladder
King of the Hill

Quick Pick
Songs in Pink

Get the Picture
NBA Teammates

You're not logged in!

Compare scores with friends on all Sporcle quizzes.
OR
Log In

Sporcle TV

Today on Sporcle TV


Watch our educational content, quiz creation guides, and fun videos on Sporcle TV.

Show Comments

Extras

Top Quizzes Today


Score Distribution

Your Account Isn't Verified!

In order to create a playlist on Sporcle, you need to verify the email address you used during registration. Go to your Sporcle Settings to finish the process.

Report this User

Report this user for behavior that violates our Community Guidelines.

Details: